Normal view
MARC view
Entry Personal Name
001 - CONTROL NUMBER
- control field: 31759
003 - CONTROL NUMBER IDENTIFIER
- control field: ARRUPE
005 - DATE AND TIME OF LATEST TRANSACTION
- control field: 20170531122412.0
008 - FIXED-LENGTH DATA ELEMENTS
- fixed length control field: 170531|| aca||aabn | a|a d
040 ## - CATALOGING SOURCE
- Original cataloging agency: ARRUPE
- Transcribing agency: ARRUPE
100 ## - HEADING--PERSONAL NAME
- Personal name: Nkrumah, Kwame,
- Dates associated with a name: 1909-1972.
670 ## - SOURCE DATA FOUND
- Source citation: Work cat.: (ARRUPE)64772: Nkrumah, Kwame, 1909-1972., Towards colonial freedom :, 1973